000
00311nam a2200121Ia 4500
008
220214s9999 xx 000 0 und d
100
_a
Ong SH
245
0
_a
Utilization of Hevea genetic resources in the RRIM
260
_b
Malaysian Applied Biology
_c
1987
300
_a
145-155
700
_a
Tan H
942
_c
RE
999
_c
45729
_d
45729